000 00446nam a2200157Ia 4500
005 20240418022527.0
008 240331s9999 xx 000 0 und d
020 _a8185575053
082 _bDHI
_a331.4
100 _aDhillon, Kaur Paramjeet
245 0 _aWomen entrepreneurs :
_bproblems and Prospects
260 _aNew Delhi ;
_bR. Gangadharan for Blaze Publishers & Distributors Pvt
_c1991
300 _a223 p .,
650 _aWomen
942 _cL
999 _c2593
_d2593